Statistics for The 10 Best NFL Running Backs of All Time

Click here to take the quiz!

General Stats

  • This quiz has been taken 309 times
  • The average score is 9 of 10

Answer Stats

HintAnswer% Correct
BarrySanders
98%
EmmittSmith
98%
BoJackson
98%
AdrianPeterson
97%
WalterPayton
95%
LaDainianTomlinson
91%
JimBrown
90%
MarshallFaulk
82%
EricDickerson
76%
EarlCampbell
63%

Score Distribution

Percentile by Number Answered

Percent of People with Each Score

Your Score History

You have not taken this quiz